[Event "Thessaloniki-Chalkidiki-chT B local"]
[Site "Thessaloniki"]
[Date "2019.03.03"]
[Round "7.1"]
[White "Haritakis, Theodoros"]
[Black "Kadiltzoglou, Miltiadis"]
[Result "1/2-1/2"]
[WhiteElo "2150"]
[BlackElo "1975"]
[PlyCount "124"]
[EventDate "2019.01.13"]
[EventType "team-swiss"]
[EventRounds "9"]
[EventCountry "GRE"]
[SourceTitle "EXT 2020"]
[Source "ChessBase"]
[SourceDate "2019.10.17"]
[SourceVersion "1"]
[SourceVersionDate "2019.10.17"]
[SourceQuality "1"]

1. Nf3 d5 2. d4 Nf6 3. c4 c6 4. e3 Bf5 5. Nc3 e6 6. Nh4 Bg6 7. Nxg6 hxg6 8. Be2 Bd6 9. g3 Nbd7 10. Bd2 Ne4 11. cxd5 Nxg3 12. fxg3 Bxg3+ 13. Kf1 Qf6+ 14. Bf3 exd5 15. Ke2 Bxh2 16. Qf1 0-0-0 17. Qg2 Bc7 18. Rxh8 Rxh8 19. Rh1 Rxh1 20. Qxh1 Qd6 21. Qh8+ Qf8 22. Qh7 Nf6 23. Qh4 Qg8 24. e4 dxe4 25. Nxe4 Qh7 26. Qf2 Nxe4 27. Bxe4 Qh2 28. Qxh2 Bxh2 29. d5 cxd5 30. Bxd5 f6 31. Bf7 g5 32. Kf3 Kd7 33. Kg4 Be5 34. b3 b6 35. Kf5 Bd4 36. Bb4 Bc5 37. Bc3 Ke7 38. Bc4 Bd6 39. Bd5 Bc5 40. Be1 Bd6 41. Kg6 Kf8 42. b4 Be5 43. a4 Ke7 44. a5 Kd6 45. Bb7 bxa5 46. bxa5 Bd4 47. Bg3+ Kc5 48. a6 Kc4 49. Kf5 Kb5 50. Bc8 Kc6 51. Kg6 Kd5 52. Kf5 Kc6 53. Ke4 Bc5 54. Be1 g6 55. Be6 f5+ 56. Kf3 Kb5 57. Bf7 Kxa6 58. Bxg6 f4 59. Bc3 Kb5 60. Bf6 a5 61. Bxg5 Bd6 62. Bxf4 Bxf4 1/2-1/2

[Event "GRE-chT 34th"]
[Site "Ermioni Argolidas"]
[Date "2005.07.08"]
[Round "6"]
[White "Czarnota, Dorota"]
[Black "Kadiltzoglou, Miltiadis"]
[Result "1-0"]
[WhiteElo "2238"]
[BlackElo "2090"]
[PlyCount "87"]
[EventDate "2005.07.04"]
[EventType "team-tourn"]
[EventRounds "9"]
[EventCountry "GRE"]
[SourceTitle "CBM 107 Extra"]
[Source "ChessBase"]
[SourceDate "2005.09.01"]
[SourceVersion "1"]
[SourceVersionDate "2005.09.01"]
[SourceQuality "1"]

1. e4 c5 2. Nf3 Nc6 3. Bb5 g6 4. 0-0 Bg7 5. c3 Nf6 6. Qa4 0-0 7. d4 cxd4 8. cxd4 e6 9. Nc3 Ne7 10. Bg5 d5 11. e5 Nd7 12. Rfe1 h6 13. Bd2 a6 14. Bd3 Nb8 15. b4 Bd7 16. Qd1 b5 17. a3 Nbc6 18. Ne2 Nf5 19. Bxf5 exf5 20. h4 Re8 21. Rc1 f6 22. exf6 Qxf6 23. Qb3 Qf7 24. Rc5 Bf8 25. Rc2 f4 26. Bxf4 Rxe2 27. Rcxe2 Qxf4 28. Qxd5+ Qf7 29. Qxf7+ Kxf7 30. d5 Na7 31. Ne5+ Ke7 32. Rc2 Bf5 33. Rd2 Kd6 34. g4 Bd7 35. Nxd7 Kxd7 36. Re6 g5 37. hxg5 hxg5 38. Rxa6 Bd6 39. Re2 Bf4 40. Ree6 Bd2 41. Rh6 Kc7 42. Rh7+ Kb8 43. Rb6+ Kc8 44. Rg6 1-0

[Event "GRE-chT 34th"]
[Site "Ermioni Argolidas"]
[Date "2005.07.07"]
[Round "4"]
[White "Sargologos, Rovertos"]
[Black "Kadiltzoglou, Miltiadis"]
[Result "0-1"]
[WhiteElo "1973"]
[BlackElo "2090"]
[PlyCount "100"]
[EventDate "2005.07.04"]
[EventType "team-tourn"]
[EventRounds "9"]
[EventCountry "GRE"]
[SourceTitle "CBM 107 Extra"]
[Source "ChessBase"]
[SourceDate "2005.09.01"]
[SourceVersion "1"]
[SourceVersionDate "2005.09.01"]
[SourceQuality "1"]

1. d4 g6 2. f4 Bg7 3. Nf3 d6 4. e4 Nd7 5. c4 e5 6. d5 Ne7 7. Nc3 0-0 8. Bd3 f5 9. 0-0 h6 10. g3 Nc5 11. Bc2 exf4 12. Bxf4 g5 13. Be3 Bxc3 14. bxc3 Nxe4 15. Qd4 Nf6 16. h4 c5 17. Qd2 f4 18. gxf4 g4 19. Nh2 Nf5 20. Rae1 h5 21. Rf2 Nxh4 22. f5 g3 23. Rf4 gxh2+ 24. Qxh2 Ng4 25. Qh3 Qf6 26. Bd2 Bd7 27. Kf1 Rae8 28. Rxe8 Rxe8 29. Rxg4+ hxg4 30. Qxg4+ Kf8 31. Bg5 Bxf5 32. Bxf6 Bxg4 33. Bxh4 Be2+ 34. Kf2 Bxc4 35. Bf5 Bxd5 36. Bg3 Ke7 37. Bh4+ Kf7 38. Bd7 Re4 39. Bg3 Be6 40. Bb5 d5 41. Bd6 c4 42. Ba4 d4 43. cxd4 Rxd4 44. Be5 Rd2+ 45. Ke3 Rxa2 46. Bd1 b5 47. Bh5+ Ke7 48. Kd4 Rd2+ 49. Ke3 Rd5 50. Kf4 c3 0-1

[Event "GRE-ch U16"]
[Site "Chania"]
[Date "2003.04.22"]
[Round "4"]
[White "Dimopoulos, Hr"]
[Black "Kadiltzoglou, Miltiadis"]
[Result "1/2-1/2"]
[WhiteElo "1595"]
[BlackElo "1985"]
[PlyCount "34"]
[EventDate "2003.04.??"]
[EventType "swiss"]
[EventRounds "7"]
[EventCountry "GRE"]
[SourceTitle "EXT 2005"]
[Source "ChessBase"]
[SourceDate "2004.11.15"]
[SourceVersion "1"]
[SourceVersionDate "2004.11.15"]
[SourceQuality "1"]

1. Nf3 Nf6 2. d4 e6 3. Bf4 d5 4. e3 c5 5. c3 Nc6 6. Bd3 Bd6 7. Bxd6 Qxd6 8. 0-0 0-0 9. Re1 c4 10. Bc2 b5 11. Nbd2 a5 12. e4 Nd7 13. e5 Qe7 14. Qe2 Ba6 15. Qe3 h6 16. h3 b4 17. g4 Rab8 1/2-1/2

[Event "GRE-ch U16"]
[Site "Chania"]
[Date "2003.04.20"]
[Round "1"]
[White "Kadiltzoglou, Miltiadis"]
[Black "Varvadoukas, Theodoros"]
[Result "1/2-1/2"]
[WhiteElo "1985"]
[BlackElo "1655"]
[PlyCount "71"]
[EventDate "2003.04.??"]
[EventType "swiss"]
[EventRounds "7"]
[EventCountry "GRE"]
[SourceTitle "EXT 2005"]
[Source "ChessBase"]
[SourceDate "2004.11.15"]
[SourceVersion "1"]
[SourceVersionDate "2004.11.15"]
[SourceQuality "1"]

1. d4 Nf6 2. c4 c5 3. d5 b5 4. cxb5 a6 5. bxa6 g6 6. Nc3 Bxa6 7. e4 Bxf1 8. Kxf1 d6 9. g3 Bg7 10. Kg2 0-0 11. Nf3 Nbd7 12. h3 Qa5 13. Re1 Rfb8 14. e5 dxe5 15. Nxe5 Nxe5 16. Rxe5 Rb7 17. Qf3 Ne8 18. Re2 Nd6 19. g4 Rab8 20. Nd1 Qa7 21. h4 Nb5 22. Be3 Nd4 23. Bxd4 Bxd4 24. h5 Bxb2 25. Nxb2 Rxb2 26. h6 Qb7 27. Rae1 Rxe2 28. Rxe2 Rd8 29. Rd2 Qb5 30. Rd1 Rd6 31. a3 Qb2 32. Qe3 Qb7 33. Qxc5 g5 34. Rb1 Qa8 35. Qd4 f6 36. Rd1 1/2-1/2

[Event "GRE-ch U16"]
[Site "Greece"]
[Date "2002.04.27"]
[Round "1.12"]
[White "Tsikes, V."]
[Black "Kadiltzoglou, Miltiadis"]
[Result "0-1"]
[WhiteElo "1435"]
[BlackElo "1725"]
[PlyCount "40"]
[EventDate "2002.??.??"]
[EventType "swiss"]
[EventRounds "6"]
[EventCountry "GRE"]
[SourceTitle "EXT 2004"]
[Source "ChessBase"]
[SourceDate "2003.11.25"]
[SourceVersion "1"]
[SourceVersionDate "2003.11.25"]
[SourceQuality "1"]

1. e4 c5 2. Nc3 Nc6 3. Bb5 d6 4. Bxc6+ bxc6 5. Nf3 Bg4 6. h3 Bh5 7. d3 Rb8 8. Rb1 Nf6 9. Bg5 e5 10. Qe2 Be7 11. Qe3 Qa5 12. Nd2 h6 13. Nc4 Qxc3+ 14. bxc3 Rxb1+ 15. Qc1 Rxc1+ 16. Bxc1 Kd7 17. g4 Bg6 18. Ke2 Rb8 19. Ba3 Ke6 20. Na5 Rb6 0-1

[Event "GRE-ch U14"]
[Site "Greece"]
[Date "2001.04.09"]
[Round "4"]
[White "Kadiltzoglou, Miltiadis"]
[Black "Sandalakis, Angelos"]
[Result "0-1"]
[WhiteElo "1780"]
[BlackElo "1920"]
[PlyCount "58"]
[EventDate "2001.04.??"]
[EventType "swiss"]
[EventRounds "7"]
[EventCountry "GRE"]
[SourceTitle "EXT 2003"]
[Source "ChessBase"]
[SourceDate "2002.11.25"]
[SourceVersion "1"]
[SourceVersionDate "2002.11.25"]
[SourceQuality "1"]

1. d4 d5 2. c4 e6 3. Nc3 Nf6 4. cxd5 exd5 5. Bg5 Be7 6. e3 c6 7. Bd3 Nbd7 8. Qc2 0-0 9. Nf3 h6 10. Bh4 Ne8 11. Bg3 Nd6 12. 0-0 b6 13. Ne5 Nxe5 14. dxe5 Nb7 15. Ne2 Nc5 16. Nd4 Bd7 17. Bf5 Rc8 18. e4 Nxe4 19. Bxe4 dxe4 20. Qxe4 Bc5 21. Rfd1 Qe7 22. Bh4 g5 23. Bg3 f5 24. Qd3 f4 25. Bh4 gxh4 26. Qc4+ Kh8 27. e6 Be8 28. Nf3 Qg7 29. h3 Qxb2 0-1

[Event "GRE-ch U14"]
[Site "Niforeika"]
[Date "2000.04.25"]
[Round "5.1"]
[White "Kadiltzoglou, Miltiadis"]
[Black "Ziogas, Paris"]
[Result "1/2-1/2"]
[WhiteElo "1690"]
[BlackElo "1925"]
[PlyCount "56"]
[EventDate "2000.??.??"]
[EventType "swiss"]
[EventRounds "7"]
[EventCountry "GRE"]
[SourceTitle "EXT 2004"]
[Source "ChessBase"]
[SourceDate "2003.11.25"]
[SourceVersion "1"]
[SourceVersionDate "2003.11.25"]
[SourceQuality "1"]

1. e4 c5 2. c3 Nf6 3. e5 Nd5 4. d4 cxd4 5. Nf3 e6 6. cxd4 b6 7. a3 Be7 8. Nc3 Nxc3 9. bxc3 Qc7 10. Bd2 d6 11. Bd3 Nd7 12. exd6 Bxd6 13. 0-0 Bb7 14. h3 0-0 15. Re1 Rfe8 16. Ng5 g6 17. Ne4 Be7 18. a4 Nf6 19. Rc1 Nxe4 20. Bxe4 Bxe4 21. Rxe4 Qc6 22. Re1 Qc4 23. Rb1 Red8 24. Qb3 Rac8 25. Qxc4 Rxc4 26. a5 Rd6 27. axb6 axb6 28. Rb5 Bd8 1/2-1/2

[Event "GRE-ch U16"]
[Site "Niforeika"]
[Date "2000.04.24"]
[Round "4.1"]
[White "Diapetis, Alexandros"]
[Black "Kadiltzoglou, Miltiadis"]
[Result "0-1"]
[WhiteElo "1815"]
[BlackElo "1915"]
[PlyCount "120"]
[EventDate "2000.??.??"]
[EventType "swiss"]
[EventRounds "7"]
[EventCountry "GRE"]
[SourceTitle "EXT 2004"]
[Source "ChessBase"]
[SourceDate "2003.11.25"]
[SourceVersion "1"]
[SourceVersionDate "2003.11.25"]
[SourceQuality "1"]

1. Nf3 Nf6 2. c4 d5 3. d4 e6 4. Nc3 Bb4 5. Bg5 0-0 6. cxd5 exd5 7. Qc2 c6 8. e3 Na6 9. Bd3 h6 10. Bh4 Bd6 11. a3 Nc7 12. 0-0 Ne6 13. b4 g5 14. Bg3 Bxg3 15. hxg3 h5 16. b5 Ng4 17. bxc6 bxc6 18. Ne2 Qd6 19. Bf5 f6 20. Rfc1 Ng7 21. Bxc8 Raxc8 22. Qc5 Qxc5 23. Rxc5 Ne6 24. Ra5 Rc7 25. Rb1 Kf7 26. Nc1 c5 27. Ne2 Rfc8 28. Rd1 Kg6 29. Ra6 Kf7 30. Rd6 cxd4 31. Nfxd4 Nxd4 32. Nxd4 Rc1 33. Rf1 Rxf1+ 34. Kxf1 Rc1+ 35. Ke2 Ra1 36. Nc2 Ra2 37. Rc6 Ke7 38. f3 Kd7 39. Rc3 Ne5 40. Kd1 Rb2 41. Rc5 Rb1+ 42. Ke2 Kd6 43. Ra5 Rb2 44. Ra6+ Rb6 45. Rxa7 Nc4 46. Nb4 Nxa3 47. Nd3 Nc4 48. Rh7 Ra6 49. Nb4 Ra3 50. Nc2 Rc3 51. Kd1 Nxe3+ 52. Nxe3 Rxe3 53. Rxh5 d4 54. Kd2 Ra3 55. Rh8 Ra2+ 56. Kd3 Rxg2 57. Rd8+ Ke6 58. Re8+ Kd6 59. Rd8+ Kc7 60. Rxd4 Rxg3 0-1